000 00357nam a2200157Ia 4500
001 11284
003 IN-NITTTR
005 20251114233105.0
008 251113s9999||||xx |||||||||||||| ||eng||
040 _beng
040 _cIN-NITTTR
041 _aeng
082 _a624.2 B511P
245 0 _aPrinciples & practice of bridge engineering /
942 _2ddc
_cBK
999 _c13920
_d13920